Pays avec le plus d'expatriés - Statistiques

Statistiques générales
  • Ce quiz a été pris 397 fois
  • Le résultat moyen est 13 sur 21
Statistiques - réponses
Population Pays d'origine % Correct
10.7 m Chine
96%
3.17 m États-Unis
95%
17.5 m Inde
92%
10.5 m Russie
85%
11.8 m Mexique
80%
3.14 m Maroc
76%
6.30 m Pakistan
75%
4.27 m Royaume-Uni
74%
3.49 m Turquie
72%
4.01 m Allemagne
71%
3.55 m Égypte
63%
4.53 m Indonésie
63%
5.90 m Ukraine
63%
8.23 m Syrie
58%
7.84 m Bangladesh
54%
4.45 m Pologne
53%
5.12 m Afghanistan
52%
5.38 m Philippines
44%
3.57 m Roumanie
38%
3.70 m Birmanie
23%
4.01 m Kazakhstan
21%
Aucun quiz correspondant
Distribution des résultats
% des personnes avec chaque résultat
Percentile par nombre de réponses
Votre historique - résultats
Vous n’avez pas pris ce quiz